000 00587nam a2200205Ia 4500
003 GCL
005 20240530102527.0
008 140319s9999 xx 000 0 ara d
040 _aGCL /
_cGCL
082 0 4 _a813.087
_bط/م ق
100 1 _aمكتبة لبنان
245 1 0 _aالريح والصفصاف /
_cمكتبة لبنان
260 _a[S.N] :
_bمكتبة لبنان
490 _aالقصص العلمية
_v0
650 0 4 _aقصص البطولات
650 0 4 _aالاطفال
650 0 4 _aقصص الاطفال
650 0 4 _aادب الاطفال
942 _2ddc
_cBK
999 _c32875
_d32875